In the name of science
This is book about federal science policy and government contracting.
Salvato in:
| Autore principale: | |
|---|---|
| Natura: | Libro |
| Lingua: | Undetermined |
| Pubblicazione: |
Chicago
Quadrangle Books
1966
|
| Soggetti: | |
| Tags: |
Aggiungi Tag
Nessun Tag, puoi essere il primo ad aggiungerne! !
|
| Thư viện lưu trữ: | Trung tâm Học liệu Trường Đại học Cần Thơ |
|---|
| LEADER | 00548nam a2200193Ia 4500 | ||
|---|---|---|---|
| 001 | CTU_218220 | ||
| 008 | 210402s9999 xx 000 0 und d | ||
| 082 | |a 508 | ||
| 082 | |b N665 | ||
| 100 | |a Nieburg, H. L. | ||
| 245 | 0 | |a In the name of science | |
| 245 | 0 | |c H. L. Nieburg | |
| 260 | |a Chicago | ||
| 260 | |b Quadrangle Books | ||
| 260 | |c 1966 | ||
| 520 | |a This is book about federal science policy and government contracting. | ||
| 650 | |a Khoa học,Science | ||
| 904 | |i Trúc | ||
| 980 | |a Trung tâm Học liệu Trường Đại học Cần Thơ | ||